| 000 | 00744nam0a22002531 4500 | ||
|---|---|---|---|
| 001 | RU\NLR\INFOCOMM19\ROSSICA\1000002405 | ||
| 005 | 20250613193759.0 | ||
| 035 | _a(NLR Aleph) 009980168 | ||
| 090 |
_a9691010 _c9691010 |
||
| 100 | _a20031013d1921 |||y0rusy50 ca | ||
| 101 | 0 | _ager | |
| 102 | _aRU | ||
| 105 | _ay ||||000ay | ||
| 200 | 1 |
_aDas Verfassungsrecht der R.S.F.S.R. _fHerausgegeben vom Kommissariat für Justiz.Institut für Räterecht |
|
| 210 |
_aMoskau _d1921 |
||
| 215 | _d8° | ||
| 712 | 0 | 1 |
_aR.S.F.S.R. _bKommissariat für Justiz _bInstitut für Räterecht _4340 |
| 801 | 1 |
_aRU _bInfoComm _c20031013 |
|
| 801 | 0 |
_aRU _bNLR _gPSBO |
|
| 852 |
_aNLR _j26.21.4.142 |
||
| 942 | _cBOOK | ||
| 980 | _aNB | ||
| 980 | _aRossica | ||